| 000 | 00526nam a2200217Ia 4500 | ||
|---|---|---|---|
| 003 | OSt | ||
| 005 | 20230317112029.0 | ||
| 008 | 210423s2007 xx 000 0 und d | ||
| 020 | _a9780195687040 | ||
| 040 | _cAL | ||
| 041 | _aeng | ||
| 082 | _a541.3 BERR | ||
| 100 |
_aBERRY (R Stephen);others. _942003 |
||
| 245 | _aPhysical chemistry. | ||
| 250 | _a2 | ||
| 260 |
_aNew York _bOxford University Press _c2007 |
||
| 300 |
_axiv,1064 _bPB |
||
| 365 |
_b995 _cINR |
||
| 906 | _achemistry. ; Physical | ||
| 942 |
_2ddc _cBK |
||
| 999 |
_c154677 _d154677 |
||